Southville International School and Colleges
Your cart is empty.
  • Cart
  • Lists
    Public lists Eva Luna New books Lux_list list_1
    Your lists Log in to create your own lists
  • Log in to your account
  • Your cookies
  • Search history
Southville International School and Colleges
  • Advanced search
  • Recent comments
  • Most popular
  • Libraries

Log in to your account

Log in with GOOGLE


If you do not have an external account, but do have a local account, you can still log in:

  1. Home
  2. MARC view: Enterprise resource planning :
Normal view MARC view ISBD view

Enterprise resource planning : (Record no. 117923)

[ view plain ]
MARC details
000 -LEADER
fixed length control field 00645nam a2200193Ia 4500
008 - FIXED-LENGTH DATA ELEMENTS--GENERAL INFORMATION
fixed length control field 140609s9999 xx 000 0 und d
020 ## - INTERNATIONAL STANDARD BOOK NUMBER
International Standard Book Number 9788120322547
050 ## - LIBRARY OF CONGRESS CALL NUMBER
Classification number HD 30.28
Item number .G231 2003
100 ## - MAIN ENTRY--PERSONAL NAME
Personal name Garg, Vinod Kumar.
245 ## - TITLE STATEMENT
Title Enterprise resource planning :
Remainder of title concepts and practice /
Statement of responsibility, etc Vinod Kumar Garg, N. K. Venkitakrishnan
250 ## - EDITION STATEMENT
Edition statement 2nd ed.
260 ## - PUBLICATION, DISTRIBUTION, ETC. (IMPRINT)
Place of publication, distribution, etc New Delhi :
Name of publisher, distributor, etc Prentice-Hall of India Private Limited,
Date of publication, distribution, etc c2003.
300 ## - PHYSICAL DESCRIPTION
Extent 185 p. :
Other physical details ill. ;
Dimensions 24 cm.
500 ## - GENERAL NOTE
General note Includes appendix, bibliographical references and index.
521 ## - TARGET AUDIENCE NOTE
Target audience note
650 ## - SUBJECT ADDED ENTRY--TOPICAL TERM
Topical term or geographic name as entry element Strategic planning.
942 ## - ADDED ENTRY ELEMENTS (KOHA)
Call number prefix Foreign
Koha item type Books
Holdings
Withdrawn status Lost status Damaged status Home library Current library Shelving location Date acquired Cost, normal purchase price Total Checkouts Full call number Barcode Date last seen Price effective from Koha item type
      College Library College Library General Circulation Section 06/09/2014 378.00   HD 30.28 .G231 2003 C18211 05/15/2018 06/09/2014 Books

Enterprise resource planning :

APA

Garg V. K., . (2003). Enterprise resource planning. New Delhi: Prentice-Hall of India Private Limited.

Chicago

Garg Vinod Kumar, . 2003. Enterprise resource planning. New Delhi: Prentice-Hall of India Private Limited.

Harvard

Garg V. K., . (2003). Enterprise resource planning. New Delhi: Prentice-Hall of India Private Limited.

MLA

Garg Vinod Kumar, . Enterprise resource planning. New Delhi: Prentice-Hall of India Private Limited. 2003.

  • Place hold
  • Print
  • Cite
  • Add to your cart (remove)
  • Save record
    BIBTEX Dublin Core MARCXML MARC (non-Unicode/MARC-8) MARC (Unicode/UTF-8) MARC (Unicode/UTF-8, Standard) MODS (XML) RIS
  • More searches
    Search for this title in:
    Other Libraries (WorldCat) Other Databases (Google Scholar) Online Stores (Bookfinder.com) Open Library (openlibrary.org)

Exporting to Dublin Core...

SOUTHVILLE LIBRARY

Southville International School and Colleges Library

1281 Tropical Ave. Cor. Luxembourg St., BF Homes International, Las Pinas City

Tel. No. 8256374 / 252358 Loc. 117/146

Powered by Koha